000 00477nam a22001937a 4500
003 OSt
005 20140310182130.0
008 130828t xxu||||| |||| 00| 0 eng d
050 _aPZ 4
_b.Ob13 1995
082 _aHS 818.5402
_bOb6 1995
100 _aO'Brien, Tim
_914670
245 _aQuestion mark /
_cTim O'Brien.
260 _aCalif :
_bCCC Pub,
_cc1995.
300 _a172 p. ;
_c16 cm.
650 _a?
_xHumor
650 _aFunny questions
942 _2lcc
999 _c9685
_d9685